000 00820nam a22002177a 4500
999 _c4921
_d4921
003 AR-CdUCM
008 190311b ||||| |||| 00| 0 spa d
040 _aMUNICIPALIDAD PROVINCIAL DEL CUSCO
_cBIBLIOTECA MUNICIPAL DEL CUSCO
082 _a128.071 /
_bR84
100 _aRosado Bejarano, Jaime
_915106
245 _aAntropología filosófica de tertuliano /
260 _aCuzco :
_bEditorial H. G. Rozas
_c1965.
300 _a56 paginas ;
_c17 cm.
500 _aDonación familia Nieto.
505 _aContenido :Origen y naturaleza del hombre -- El destino del hombre -- El sueño imagen de la muerte -- Los sentidos y el intelecto -- El fin ultimo del hombre ...
650 _aTeatro peruano
_92697
650 _aIndigenismo
_9208
650 _aLiteratura del siglo xx
_97647
942 _2ddc
_cLIBROS
945 _arum